000 00973aam a2200313 4500
005 20160913142842.0
008 150512b xxu||||| |||| 00| 0 spa d
020 _a9786073201674
041 _aspa
082 _a658.15 B826i4
100 _aBravo Santillán, María de la Luz
_920370
100 _aLambretón Torres, Viviana
_920371
100 _aMárquez González, Humberto
_920372
245 _aIntroducción a las finanzas
250 _a4 edición
260 _aMéxico
_bPearson
_c2010
300 _a328 páginas
650 _aADMINISTRACION FINANCIERA
_927
650 _aFINANZAS
_928
650 _aFINANZAS EN LA EMPRESA
_920373
650 _aCICLO DE OPERACION
_920374
650 _aINFORMACION FINANCIERA
_92664
650 _aESTADOS FINANCIEROS
_965
650 _aECUACION CONTABLE BASICA
_920375
650 _aESTADO DE RESULTADOS
_92670
650 _aESTADO DE FLUJOS DE EFECTIVO
_92673
650 _aEVALUACION DEL DESEMPEÑO
_9399
942 _cBK
999 _c5367
_d5367